000 00997cad a22002415a 4500
001 E148368
008 090909s2009 xxkad f s 000 0 eng d
035 _a(Sirsi) u148368
041 0 _aeng
050 0 4 _a333.33 $2 18
110 2 _aJones Lang LaSalle
_93755
245 0 0 _aEuropean office yield tracker
_bQ2 2009
_h[electronic resource]
260 _a[S.l.]
_bJLL
_c2009
490 0 _aJones Lang LaSalle European Office Yield Tracker
_vSecond Quarter 2009
520 _aDiscusses changes in prime office yields. Reports that Jones Lang LaSalle's blended European yield is now at 6.10%, 10bps higher than at Q1 2009 and 100bps higher than at Q2 2008.
521 _aAdvanced
590 _aKA
650 2 4 _aJONES LANG LASALLE EUROPEAN OFFICE YIELD TRACKER
651 4 _aEurope
690 _aPROPERTY-COMMERCIAL PROPERTY-COMMERCIAL PROPERTY MARKET
856 4 0 _uhttps://www.joneslanglasalle.com/
_zView this report free of charge under research at www.joneslanglasalle.com...
942 _n0
999 _c110024
_d110024